000 00829mam a22002051 4500
082 0 0 _a355.48
_bTHO
_cL-30 -II, P-3.
100 1 _aThompson, Robert Grainger Ker,
_948851
245 1 0 _aDefeating Communist insurgency;
_bthe lessons of Malaya and Vietnam
_c[by] Sir Robert Thompson.
260 _aLondon.
_bchatto and windus Ltd
_cC1966.
300 _a171 p.
_bmaps.
_c22 cm.
490 1 _aStudies in international security ;
500 _aThe 1st vol. of the author's trilogy, the 2d of which is No exit from Vietnam; the 3d, Revolutionary war in world strategy, 1945-1969.
526 _a0
_b0
_c0
_d355_480000000000000_THO
650 0 _aCounterinsurgency
_zVietnam.
_948852
650 0 _aInsurgency.
_948853
650 0 _aMCE.
_9379
650 0 _aRevolutions.
_948721
650 0 _aVietnam War, 1961-1975.
_927841
942 _2ddc
_cBK
999 _c551727
_d551727